Education status of scheduled tribes: attainments and challenges : (Record no. 27112)

MARC details
000 -LEADER
fixed length control field 00538nam a2200145Ia 4500
041 ## - LANGUAGE CODE
Language code of text/sound track or separate title English
082 ## - DEWEY DECIMAL CLASSIFICATION NUMBER
Classification number RH.0065
100 ## - MAIN ENTRY--AUTHOR NAME
Personal name Hassan, Sofiya
Affiliation University of Kashmir
245 #0 - TITLE STATEMENT
Title Education status of scheduled tribes: attainments and challenges :
Sub Title Jammu and Kashmir report /
Statement of responsibility, etc Sofiya Hassan
260 ## - PUBLICATION, DISTRIBUTION, ETC. (IMPRINT)
Place of publication New Delhi :
Name of publisher/Sponsor Indian Council of Social Science Research,
Year of publication 2012
300 ## - PHYSICAL DESCRIPTION
Number of Pages 233p.
650 ## - SUBJECT ADDED ENTRY--TOPICAL TERM
Topical Term Scheduled tribes in India--Social conditions
Geographic subdivision India
-- Jammu and Kashmir
650 ## - SUBJECT ADDED ENTRY--TOPICAL TERM
Topical Term Dalits--Social conditions
942 ## - ADDED ENTRY ELEMENTS (KOHA)
Source of classification or shelving scheme Dewey Decimal Classification
Koha item type Books
Holdings
Withdrawn status Lost status Damaged status Not for loan Collection code Home library Current library Date acquired Source of acquisition Full call number Accession Number Price effective from Koha item type
      Not For Loan ICSSR Research Project Reports NASSDOC Library NASSDOC Library 24/11/2021 Gifted by: RP Division ICSSR RH.0065 51744 21/12/2021 Research Reports